000 00485nam a2200181Ia 4500
003 GCL
008 140319s9999 xx 000 0 eng d
040 _aGCL /
_cGCL
082 0 4 _aCC
_b932
_bR G
100 1 _aDAVID, ALAN K
245 1 0 _aTHE GIANT BOOK OF THE MUMMY /
_cDAVID, ALAN K
700 1 _aDAVID, ROSALIE
260 _a[S.N] :
_bHOMLYN CHIDREN'S BOOKS ،
_c1992
650 0 4 _aHISTORY
650 0 4 _aPHARAONIQUE CIVILIZATION
650 0 4 _aANCIENT EGYPTIAN
942 _2ddc
_cBK
999 _c11207
_d11207